00971nam a2200241 a 450000100100000000500170001000800410002702000150006804000250008308200210010824501180012926000600024730000310030749000390033850400740037760000340045165100570048565100550054265000240059765000270062170000440064870000370069200002121220241015140952.0100902s2005 dr c 000 0 spa d a994502003X aDO-SdBNPbspacBNPHU a923.57293bG633m00aMáximo Gómez :ba cien años de su fallecimiento /ceditor Emilio Cordero Michel ; prefacio Roberto Cassá. aSanto Domingo :bArchivo General de la Nación,c2005. a462 p. :bretrs. ;c23 cm.1 aArchivo General de la Naciónv19 aIncluye referencias bibliográficas y notas al pie de las páginas.10aGómez, Máximo,d1836-1905 4aCubaxHistoriayGUERRA DE LOS DIEZ AÑOS, 1868-1878 4aCubaxHistoriayGUERRA DE INDEPENDENCIA, 1895-1898 0aEnsayos dominicanos 0aLiteratura dominicana.1 aCordero Michel, Emilio,d1929-2018eed.1 aCassá, Roberto, d1948-epref.